00324nam a2200133Ia 4500008004100000041000800041082001500049100001000064245003600074250001400110260003100124300003000155365000500185240624s9999 xx 000 0 und d aeng a519.82 GRO aGROSS aFUNDAMENTALS OF QUEUEING THEORY a(3rd ed.) c2004aNew YorkbJohn Wiley axi, : 441 : p. : cm. ; 26 c